| 000 | 00522cam a2200145K 4500 | ||
|---|---|---|---|
| 082 | 0 | 4 |
_a355.009242 _bFOR |
| 100 | 1 |
_aForbes, Archibald, _949326 |
|
| 245 | 1 | 0 |
_aHavelock _cby Archibald Forbes. |
| 260 |
_aLondon, _bMacmillan and Co.; _aNew York, _bMacmillan Co., _c1890. |
||
| 300 |
_a1 online resource (3 p. l., 223 p.) _bfront. (port.) fold. map. |
||
| 490 | 0 | _aEnglish men of action | |
| 526 |
_a0 _b0 _c0 _d355_009242000000000_FOR |
||
| 856 | 4 | 0 | _uhttp://catalog.hathitrust.org/api/volumes/oclc/3563787.html |
| 942 |
_2ddc _cBK |
||
| 999 |
_c552106 _d552106 |
||